<?xml version="1.0" encoding="UTF-8"?>
<collection xmlns="http://www.loc.gov/MARC21/slim">
<record>
  <controlfield tag="001">110947</controlfield>
  <controlfield tag="005">20220309093103.0</controlfield>
  <datafield tag="037" ind1=" " ind2=" ">
    <subfield code="a">TAZ-TFM-2021-184</subfield>
  </datafield>
  <datafield tag="041" ind1=" " ind2=" ">
    <subfield code="a">spa</subfield>
  </datafield>
  <datafield tag="100" ind1="1" ind2=" ">
    <subfield code="a">Pérez Rivasés, Guillermo</subfield>
  </datafield>
  <datafield tag="242" ind1="0" ind2="0">
    <subfield code="a">Anatomical and Functional Changes in Patients with Pachychoroidal Diseases after Photodynamic Therapy</subfield>
  </datafield>
  <datafield tag="245" ind1="0" ind2="0">
    <subfield code="a">Cambios Anatómicos y Funcionales en Pacientes con Enfermedades Paquicoroideas tras Tratamiento con Terapia Fotodinámica.</subfield>
  </datafield>
  <datafield tag="260" ind1=" " ind2=" ">
    <subfield code="a">Zaragoza</subfield>
    <subfield code="b">Universidad de Zaragoza</subfield>
    <subfield code="c">2021</subfield>
  </datafield>
  <datafield tag="506" ind1=" " ind2=" ">
    <subfield code="a">by-nc-sa</subfield>
    <subfield code="b">Creative Commons</subfield>
    <subfield code="c">3.0</subfield>
    <subfield code="u">http://creativecommons.org/licenses/by-nc-sa/3.0/</subfield>
  </datafield>
  <datafield tag="520" ind1=" " ind2=" ">
    <subfield code="a">Objetivo: Analizar la respuesta anatómica y funcional tras uno y tres meses después de la terapia fotodinámica (TFD) en pacientes con enfermedades paquicoroideas mediante mejor agudeza visual corregida, microperimetría de evaluación de integridad macular (MAIA) y tomografía de coherencia óptica de fuente de barrido (SS-OCT).&lt;br />Métodos: Estudio prospectivo durante tres meses de 11 pacientes con enfermedades paquicoroideas tratados con TFD de media fluencia (25 J/cm2) y dosis completa (6 mg/m2) de duración estándar (83 segundos) tras el diagnóstico mediante angiografía con fluoresceína (AF) y angiografía con verde de indocianina (AVI). Se evaluaron 22 ojos (11 casos y 11 controles) antes, un mes y tres meses después de la TFD con SS-OCT, midiendo el grosor de la retina (membrana Limitante Interna-EPR) y el grosor de la coroides (EPR-capa externa coroidea) además de la sensibilidad retiniana, medida por MAIA y mejor agudeza visual corregida (MAVC).&lt;br />Resultados: El espectro paquicoroideo fue diagnosticado por AF y AVI en ocho pacientes con coriorretinopatía serosa central, uno con neovasculopatía paquicoroidea y dos con vasculopatía coroidea polipoidea. Antes de la TFD los casos mostraron una menor sensibilidad retiniana en las 14 regiones analizadas por MAIA en comparación con el grupo control (p &lt;0.05), así como un mes y tras tres meses después del tratamiento (p&lt;0.05). En cuanto al grosor macular y coroideo, no se observaron cambios significativos entre ambos grupos en ninguno de los tiempos. Los casos mostraron una mejoría en la MAVC un mes y tres meses después de la TFD (p &lt;0.05) y una correlación positiva con la sensibilidad en la región foveal C (p &lt;0.05) en ambos tiempos. Por otro lado, al mes de la TFD se demostró un aumento de la sensibilidad retiniana en la región foveal (p &lt;0.05) y en el resto de los sectores (p> 0.05), manteniéndose la mejoría a los 3 meses (p > 0.05). A nivel anatómico, tras un mes de tratamiento, se encontró una disminución en el grosor de la retina y coroides por SS-OCT (p> 0.05), siendo significativamente estadístico a los 3 meses con una disminución del grosor coroideo en los cuadrantes internos incluyendo el grosor coroideo subfoveal (SFCT, supero- interno, temporal-interno, nasal-interno p&lt;0.05) y algunas áreas externas (supero-externo, temporal-externo p&lt;0.05). Al correlacionar los cuadrantes internos superior, nasal, inferior y temporal del anillo parafoveal coroideo, utilizando SS-OCT y los umbrales de los radios de 3 y 5 grados (MAIA), se observó una correlación negativa media (p> 0,05) en los cuadrantes coroideos tras TFD al mes y a los tres meses.&lt;br />Conclusión: La TFD indujo una mejoría funcional precoz de los parámetros de AV y sensibilidad retiniana foveal tras un mes de tratamiento, así como una reducción en el grosor interno de la coroides medido mediante SS-OCT de forma mas tardía, a los 3 meses de la TFD.&lt;br />&lt;br /></subfield>
  </datafield>
  <datafield tag="521" ind1=" " ind2=" ">
    <subfield code="a">Máster Universitario en Iniciación a la Investigación en Medicina</subfield>
  </datafield>
  <datafield tag="540" ind1=" " ind2=" ">
    <subfield code="a">Derechos regulados por licencia Creative Commons</subfield>
  </datafield>
  <datafield tag="700" ind1=" " ind2=" ">
    <subfield code="a">Esteban Floría, Olivia</subfield>
    <subfield code="e">dir.</subfield>
  </datafield>
  <datafield tag="710" ind1="2" ind2=" ">
    <subfield code="a">Universidad de Zaragoza</subfield>
    <subfield code="b">Medicina, Psiquiatría y Dermatología</subfield>
    <subfield code="c">Medicina</subfield>
  </datafield>
  <datafield tag="856" ind1="0" ind2=" ">
    <subfield code="f">651223@unizar.es</subfield>
  </datafield>
  <datafield tag="856" ind1="4" ind2=" ">
    <subfield code="s">15031042</subfield>
    <subfield code="u">http://zaguan.unizar.es/record/110947/files/TAZ-TFM-2021-184.pdf</subfield>
    <subfield code="y">Memoria (spa)</subfield>
  </datafield>
  <datafield tag="909" ind1="C" ind2="O">
    <subfield code="o">oai:zaguan.unizar.es:110947</subfield>
    <subfield code="p">driver</subfield>
    <subfield code="p">trabajos-fin-master</subfield>
  </datafield>
  <datafield tag="950" ind1=" " ind2=" ">
    <subfield code="a"></subfield>
  </datafield>
  <datafield tag="980" ind1=" " ind2=" ">
    <subfield code="a">TAZ</subfield>
    <subfield code="b">TFM</subfield>
    <subfield code="c">MED</subfield>
  </datafield>
  <datafield tag="999" ind1=" " ind2=" ">
    <subfield code="a">20210610170252.CREATION_DATE</subfield>
  </datafield>
  <datafield tag="951" ind1=" " ind2=" ">
    <subfield code="a">deposita:2022-03-09</subfield>
  </datafield>
</record>
</collection>